000 01865pam a2200481 a 4500
001 1652587
003 OSt
005 20260219090348.0
008 970430s1998 nyua b 000 1 eng
010 _a 97015624
020 _a0679983414
_qlib. bdg.
020 _a9780679983415
_q(lib. bdg.)
035 _a1652587
040 _aDLC
_cDLC
_dDLC
042 _alcac
050 0 0 _aPZ7.O81167
_bPo 1998
082 0 0 _a[Fic]
_221
100 1 _aOsborne, Mary Pope.
245 1 0 _aPolar bears past bedtime /
_cby Mary Pope Osborne ; illustrated by Sal Murdocca.
260 _aNew York :
_bRandom House,
_cc1998.
300 _a71 p. :
_bill. ;
_c20 cm.
336 _atext
_btxt
_2rdacontent
337 _aunmediated
_bn
_2rdamedia
338 _avolume
_bnc
_2rdacarrier
490 1 _aMagic tree house ;
_v#12
500 _a"A Stepping Stone book."
520 _aTheir magic tree house takes Jack and Annie to the Arctic, where a polar bear leads them onto very thin ice.
521 0 _a"RL: 2.1"--Cover p. [4].
650 1 _aPolar bears
_vFiction.
650 1 _aBears
_vFiction.
650 1 _aMagic
_vFiction.
650 1 _aTree houses
_vFiction.
651 1 _aArctic regions
_vFiction.
655 7 _aFiction.
_2lcgft
_0https://id.loc.gov/authorities/genreForms/gf2014026339
700 1 _aMurdocca, Sal,
_eill.
800 1 _aOsborne, Mary Pope.
_tMagic tree house series ;
_v#12.
856 4 2 _3Contributor biographical information
_uhttp://www.loc.gov/catdir/bios/random057/97015624.html
856 4 2 _3Publisher description
_uhttp://www.loc.gov/catdir/description/random047/97015624.html
906 _a7
_bcbc
_corignew
_d1
_eocip
_f19
_gy-gencatlg
942 _2lcc
_cBK
999 _c263133
_d263132